| 000 | 02747nmm a2200277 a 4500 | ||
|---|---|---|---|
| 003 | OSt | ||
| 005 | 20260210111306.0 | ||
| 007 | cr ||||||a|c|a | ||
| 008 | 220811s2018 mx a|||fom||| 001 0 spa d | ||
| 040 | _cCHAP | ||
| 100 | 1 |
_9185146 _aCruz Aguila, Jacqueline |
|
| 245 | 1 | 0 |
_aPruebas in vitro de extractos vegetales de cinco plantas contra Haemonchus contortus / _cpor Jacqueline Cruz Aguila; director de tesis Roberto González Garduño. |
| 264 | 1 |
_aTabasco, México : _bEl autor, _c2018. |
|
| 300 |
_a1 recurso en línea (64 páginas). _bcuadros, figuras. |
||
| 336 |
_2rdacontent _atexto _btxt |
||
| 337 |
_2rdamedia _acomputadora _bc |
||
| 338 |
_2rdacarrier _arecurso en línea _bcr |
||
| 502 |
_bIAEZT _cURUSSE _d2018. _gLIC |
||
| 504 | _aIncluye referencias bibliográficas : i-xii. | ||
| 520 | _aDebido al incremento de la resistencia antihelmíntica (RA) se han buscado nuevas opciones para el control de nematodos gastrointestinales (NGI), una de las más importantes es el uso de plantas bioactivas. En este estudio se evaluó la capacidad antihelmíntica de extractos hidroalcohólicos (HA) e hidrotérmicos (HT) de cinco plantas y se determinó la dosis letal de cada uno. Se utilizaron dos tipos de bioensayos, la prueba de eclosión de huevos y la prueba de mortalidad larval. Las plantas evaluadas fueron Leucaena leucocephala, Gliricidia sepium, Piper auritum, Origanum vulgare y Curcuma longa; utilizando dos métodos de extracción. Los huevos y larvas (L1), fueron incubados y expuestos a 3.12, 6.25, 12.5, 25 y 50 mg ml-1 de cada extracto. De los diez extractos evaluados, solo cuatro de ellos inhibieron la eclosión de huevos de manera dependiente a la dosis. Las mejores dosis letales promedio (DL50) fueron 17.69 mg ml-1 para G. sepium y 24.47 mg ml-1 para C. longa, ambos extractos hidrotérmicos. Se observaron diferencias en la actividad ovicida de acuerdo con el método de extracción, para C. longa extracto hidrotérmico la DL99 fue de 83.74 mg ml-1 y para C. longa extracto hidroalcohólico 100.96 mg ml-1. En la prueba de mortalidad larval, el extracto de P. auritum (HA), G. sepium (HT), L. leucocephala (HA) (71.44, 37.88, 75.76 mg ml-1, DL50 respectivamente) causaron un aumento significativo en la mortalidad de larvas. En general, el mejor extracto fue del de G. sepium (HT) con DL99 de 60.42 mg ml-1, para inhibir la eclosión de huevos y 100.11 mg ml-1 en la mortalidad larval. | ||
| 650 | 4 |
_9186805 _aExtractos vegetales _xEfecto en nemátodos |
|
| 650 | 4 |
_9126180 _aNemátodos _xControl |
|
| 700 | 1 |
_948938 _aGonzález Garduño, Roberto _eDirector de tesis. |
|
| 856 |
_uhttp://10.13.5.2/tesis/tl/Cruz_Aguila_Jacqueline.pdf _zDESCARGAR PDF |
||
| 942 |
_2Clasificación Universidad Autónoma Chapingo _cTD |
||
| 999 |
_c217453 _d217453 |
||